Statistics for US State by Tourist Attraction #2

Click here to take the quiz!

General Stats

  • This quiz has been taken 647 times
  • The average score is 15 of 25

Answer Stats

Tourist AttractionState% Correct
Walt Disney WorldFlorida
97%
Pearl HarborHawaii
96%
Liberty BellPennsylvania
91%
Mall of AmericaMinnesota
90%
Gateway ArchMissouri
84%
World of Coca-ColaGeorgia
81%
Wrigley FieldIllinois
81%
Old FaithfulWyoming
81%
Plymouth RockMassachusetts
77%
The Henry FordMichigan
77%
Rock and Roll Hall of FameOhio
73%
JamestownVirginia
71%
Glacier National ParkMontana
66%
Crater LakeOregon
65%
Pike Place MarketWashington
54%
National Cowboy & Western Heritage MuseumOklahoma
43%
Vicksburg National Military ParkMississippi
42%
Harpers Ferry National Historic ParkWest Virginia
40%
Theodore Roosevelt National ParkNorth Dakota
38%
House on the RockWisconsin
35%
Fort McHenryMaryland
32%
Hells CanyonIdaho
26%
Brandywine CreekDelaware
15%
WaterFireRhode Island
14%
Land of OzNorth Carolina
10%

Score Distribution

Percentile by Number Answered

Percent of People with Each Score

Your Score History

You have not taken this quiz